Computational methods for fluid dynamics (Record no. 1970)

000 -LEADER
fixed length control field 00726nam a2200241 a 4500
001 - CONTROL NUMBER
control field 1970
003 - CONTROL NUMBER IDENTIFIER
control field BD-DhUET
008 - FIXED-LENGTH DATA ELEMENTS--GENERAL INFORMATION
fixed length control field 0
020 ## - INTERNATIONAL STANDARD BOOK NUMBER
International Standard Book Number 3540420746
040 ## - CATALOGING SOURCE
Original cataloging agency DLC
Transcribing agency DLC
Modifying agency BD-DhUET
082 00 - DEWEY DECIMAL CLASSIFICATION NUMBER
Classification number 532
Item number FER/2002
100 1# - MAIN ENTRY--PERSONAL NAME
Personal name Ferziger, Joel H.
245 10 - TITLE STATEMENT
Title Computational methods for fluid dynamics
Statement of responsibility, etc. by Joel H. Ferziger, Milovan Perić.
250 ## - EDITION STATEMENT
Edition statement 3rd, rev. ed.
260 ## - PUBLICATION, DISTRIBUTION, ETC. (IMPRINT)
Place of publication, distribution, etc. New York:
Name of publisher, distributor, etc. Springer,
Date of publication, distribution, etc. 2002.
300 ## - PHYSICAL DESCRIPTION
Extent xiv, 423 p. :
Other physical details ill. ;
Dimensions 24 cm.
504 ## - BIBLIOGRAPHY, ETC. NOTE
Bibliography, etc Includes bibliographies
650 #0 - SUBJECT ADDED ENTRY--TOPICAL TERM
Topical term or geographic name as entry element Fluid mechanics
700 1# - ADDED ENTRY--PERSONAL NAME
Personal name Perić, M.
942 ## - ADDED ENTRY ELEMENTS (KOHA)
Koha item type General Book
856 42 - ELECTRONIC LOCATION AND ACCESS
Uniform Resource Identifier http://www.loc.gov/catdir/enhancements/fy0817/2001054995-d.html
856 41 - ELECTRONIC LOCATION AND ACCESS
Uniform Resource Identifier http://www.loc.gov/catdir/enhancements/fy0817/2001054995-t.html
Holdings
Sublocation or collection (holding branch) Koha renewals Date acquired Koha date last seen Price effective from Koha item type Koha normalized classification for sorting Source of classification or shelving scheme Copy number Withdrawn status Piece designation (barcode) Lost status Not for loan Location (home branch) Shelving location Damaged status Koha full call number
Central Library, BUET12014-09-152017-10-112014-09-15General Book532FER2002 1 103569  Central Library, BUETCirculation section 532/FER/2002
Central Library, BUET 2015-08-242022-04-242015-08-24General Book532_000000000000000_FER_2002 2 103570  Central Library, BUETCirculation section 532/FER/2002